000
00302nam a22001337a 4500
008
170425b xxu||||| |||| 00| 0 eng d
020
_a
9780534998523
041
_a
eng
080
_2
6th
_a
54
100
_a
12
101
_a
SHM
245
_a
CHEMISTRY & CHEMICAL REACTIVITY
_c
KOTZ, F
942
_2
udc
_c
BK
999
_c
11887
_d
11887